Assessing GCSE English a practical approach to writing skills (Record no. 595387)
[ view plain ]
| 000 -LEADER | |
|---|---|
| fixed length control field | 00371nam a22001337a 4500 |
| 020 ## - INTERNATIONAL STANDARD BOOK NUMBER | |
| International Standard Book Number | 0748774645 |
| 082 ## - DEWEY DECIMAL CLASSIFICATION NUMBER | |
| Classification number | 808.066 |
| Author Mark | BEA |
| 100 ## - MAIN ENTRY--PERSONAL NAME | |
| Personal name | Duncan Beal, David Stone |
| 245 ## - TITLE STATEMENT | |
| Title | Assessing GCSE English a practical approach to writing skills |
| Statement of responsibility, etc. | Duncan Beal, David Stone |
| 260 ## - PUBLICATION, DISTRIBUTION, ETC. | |
| Place of publication, distribution, etc. | UK |
| Name of publisher, distributor, etc. | Nelson Thornes |
| Date of publication, distribution, etc. | 2003 |
| 300 ## - PHYSICAL DESCRIPTION | |
| Extent | 152p |
| 563 ## - BINDING INFORMATION | |
| Binding note | PB |
| 942 ## - ADDED ENTRY ELEMENTS (KOHA) | |
| Source of classification or shelving scheme | |
| Koha item type | Book |
| Withdrawn status | Lost status | Source of classification or shelving scheme | Materials specified (bound volume or other part) | Damaged status | Not for loan | Permanent Location | Current Location | Date acquired | Source of acquisition | Total Checkouts | Full call number | Barcode | Date last seen | Date last checked out | Price effective from | Koha item type |
|---|---|---|---|---|---|---|---|---|---|---|---|---|---|---|---|---|
| Donated by Syeda Mansoora Jamal (Librarian CL) | Central Library (CL) | Central Library (CL) | 08/04/2023 | Donation | 1 | 808.066 BEA | CL-D-2433 | 01/08/2024 | 12/05/2023 | 08/04/2023 | Book |
